Znalosti v oblasti managementu inovací a jejich dopad na tvorbu inovací v podniku

Determinanty, ktoré ovplyvňujú rast podniku. Explicité a implicitné znalosti v podniku.

Salvato in:
Dettagli Bibliografici
Autore principale: Koudelková, Petra
Natura: Capitolo di libro
Lingua:ceco
Soggetti:
Tags: Aggiungi Tag
Nessun Tag, puoi essere il primo ad aggiungerne!!

MARC

LEADER 00000naa a2200000 4500
001 0191162
005 20220713131409.4
041 0 |a cze 
044 |a CZ 
245 1 0 |a Znalosti v oblasti managementu inovací a jejich dopad na tvorbu inovací v podniku  |c Petra Koudelková 
520 |a Determinanty, ktoré ovplyvňujú rast podniku. Explicité a implicitné znalosti v podniku. 
610 2 0 |a vedomosti 
610 2 0 |a inovácia 
610 2 0 |a riadenie podnikové 
610 2 0 |a stratégia podniková 
610 2 0 |a manažment znalostný 
100 1 |a Koudelková, Petra